000
00308nam a2200121Ia 4500
008
191201s2004 xx 000 0 und d
100
_a
OLSON, David L
245
0
_a
Managerial Issue of Enterprise Resource Planning Systems
260
_a
N. Delhi
_b
TMH
_c
2004
300
_a
180
650
_a
MBA
942
_2
ddc
_c
BK
999
_c
178
_d
178